00369nam a2200145Ia 4500008004100000020002200041041000800063082001500071100001400086245004100100250000900141260002400150300001500174700003400189220530s9999 xx 000 0 und d a978-81-7758-372-4 aeng a5.117bBOO aBooch, G. aUnified Modeling Language User Guide a1st. aNew DellhibPearson a504 P.bPb a Jacobson, I. Rumbaugh, J.